[Event "AUTO-OPEN-1907"]
[Site "http://www.queenalice.com/game.php?id=744737"]
[Date "2010.3.11"]
[Round "1"]
[White "castel1341"]
[Black "nico_spfc"]
[Result "0-1"]
[WhiteElo "2148"]
[BlackElo "1587"]

1. e4 e6 2. d4 d5 3. Nd2 Nf6 4. e5 Nfd7 5. Ngf3 c5 6. c3 Nc6 7. Bd3 Qb6 8. Qa4
f6 9. O-O Be7 10. exf6 Bxf6 11. c4 O-O 12. Qc2 g6 0-1

[Event "AUTO-OPEN-1907"]
[Site "http://www.queenalice.com/game.php?id=744738"]
[Date "2010.3.11"]
[Round "1"]
[White "nico_spfc"]
[Black "Peppone"]
[Result "0-1"]
[WhiteElo "1513"]
[BlackElo "1778"]

1. e4 c5 2. Nf3 d6 3. d4 cxd4 4. Nxd4 Nf6 5. Nc3 a6 6. Bc4 e6 7. Bg5 Be7 8. f4
O-O 9. h4 b5 10. Bd3 Bb7 11. h5 h6 12. Bh4 Nfd7 13. Bxe7 Qxe7 14. g4 Nc6 15. Nf3
Nc5 16. g5 Nxd3+ 17. cxd3 hxg5 0-1

[Event "AUTO-OPEN-1907"]
[Site "http://www.queenalice.com/game.php?id=744739"]
[Date "2010.3.11"]
[Round "1"]
[White "Peppone"]
[Black "nico_spfc"]
[Result "1-0"]
[WhiteElo "1772"]
[BlackElo "1519"]

1. e4 e6 2. d4 d5 3. e5 c5 4. c3 Nc6 5. Nf3 Qb6 6. Be3 Qxb2 7. Nbd2 cxd4 8. cxd4
Bb4 9. Bb5 Bxd2+ 10. Nxd2 Qxb5 11. Rb1 Qd3 12. Qe2 Qxe2+ 13. Kxe2 Nge7 14. Rhc1
Nf5 15. h3 Nfxd4+ 16. Bxd4 Nxd4+ 17. Ke3 Nf5+ 18. Kf3 b6 19. Rc7 O-O 20. Nb3 1-0

[Event "AUTO-OPEN-1907"]
[Site "http://www.queenalice.com/game.php?id=744740"]
[Date "2010.3.11"]
[Round "1"]
[White "nico_spfc"]
[Black "flopp"]
[Result "1-0"]
[WhiteElo "1439"]
[BlackElo "1883"]

1. e4 e5 2. Nf3 Nc6 3. Bb5 a6 4. Ba4 Nf6 5. O-O Be7 6. c3 b5 7. Bb3 Na5 8. Nxe5
Nxe4 9. Nxf7 Nxb3 10. Nxd8 Kxd8 11. Qxb3 1-0

[Event "AUTO-OPEN-1907"]
[Site "http://www.queenalice.com/game.php?id=744741"]
[Date "2010.3.11"]
[Round "1"]
[White "flopp"]
[Black "nico_spfc"]
[Result "1/2-1/2"]
[WhiteElo "1850"]
[BlackElo "1552"]

1. e4 e6 2. d4 d5 3. Nc3 Bb4 4. exd5 exd5 5. Bd2 Nc6 6. Bb5 Ne7 7. Nge2 a6 8.
Ba4 b5 9. Bb3 Nf5 10. Nxd5 Nfxd4 11. Nxd4 Nxd4 12. Bxb4 Nxb3 13. Nxc7+ Qxc7 14.
cxb3 Qe5+ 15. Qe2 Qxe2+ 16. Kxe2 Be6 17. f3 Rc8 18. Rac1 Rxc1 19. Rxc1 Kd7 20.
Ba5 Rc8 21. Rxc8 Kxc8 22. Bb6 Kd7 23. g4 Kd6 24. Bd4 g6 25. h3 f5 26. Ke3 Kd5
27. Kd3 fxg4 28. hxg4 h6 29. Bg7 h5 30. gxh5 gxh5 31. Bf6 Bf5+ 32. Ke3 Ke6 33.
Bg5 Bb1 34. a3 Kf5 35. f4 Kg4 36. Kf2 Kh3 37. b4 h4 38. Bh6 Kh2 39. Bg5 h3 40.
Bh6 Kh1 41. Bg5 h2 42. Bh6 Bc2 1/2-1/2

[Event "AUTO-INT-1638"]
[Site "http://www.queenalice.com/game.php?id=745058"]
[Date "2010.3.12"]
[Round "1"]
[White "nico_spfc"]
[Black "luizpessoa"]
[Result "1-0"]
[WhiteElo "1439"]
[BlackElo "1818"]

1. e4 b6 2. d4 Bb7 3. Nc3 e6 4. Bf4 a6 5. Nf3 Nf6 6. Bd3 h6 7. O-O d6 8. Re1 Be7
9. Qd2 g5 10. Be3 g4 11. Nh4 h5 12. Bg5 Nfd7 13. Bxe7 Qxe7 14. g3 Nc6 15. d5
Nce5 16. Qe3 Nc5 17. a3 O-O-O 18. b4 Ncxd3 19. cxd3 Rdg8 20. a4 Ng6 21. Nxg6
Rxg6 22. a5 b5 23. Qa7 h4 24. Nxb5 hxg3 25. fxg3 Rgh6 26. Rec1 Rxh2 27. Rxc7+
Qxc7 28. Nxc7 Kxc7 29. Rc1+ Kd7 30. Qxb7+ Ke8 31. Rc8# 1-0

[Event "AUTO-INT-1638"]
[Site "http://www.queenalice.com/game.php?id=745059"]
[Date "2010.3.12"]
[Round "1"]
[White "luizpessoa"]
[Black "nico_spfc"]
[Result "0-1"]
[WhiteElo "1840"]
[BlackElo "1499"]

1. e4 e6 2. Nf3 d5 3. e5 c5 4. d4 Nc6 5. Bg5 f6 6. exf6 gxf6 7. Bh4 Qb6 8. dxc5
Bxc5 9. b3 Bd7 10. Nc3 Nd4 11. Be2 Nf5 12. Na4 Bxa4 13. bxa4 Nxh4 14. Rb1 Nxf3+
15. Bxf3 Bxf2+ 16. Kf1 Qd4 17. Qxd4 Bxd4 18. Rxb7 Rc8 19. Bd1 Ne7 20. h4 Nf5 21.
Bh5+ Kd8 22. Bd1 Ne3+ 23. Ke2 Rg8 24. Kd3 Nxd1 25. Kxd4 Rg4+ 26. Kd3 Nf2+ 27.
Ke2 Nxh1 28. Rxa7 Rxc2+ 29. Kf3 f5 30. Rxh7 Rc3+ 31. Ke2 Rxg2+ 32. Kf1 Rxa2 33.
Rh8+ Kd7 34. Rh7+ Kd6 35. Rb7 Rc1# 0-1

[Event "AUTO-INT-1638"]
[Site "http://www.queenalice.com/game.php?id=745060"]
[Date "2010.3.12"]
[Round "1"]
[White "nico_spfc"]
[Black "Felipe_Carvalho"]
[Result "0-1"]
[WhiteElo "1572"]
[BlackElo "1717"]

1. e4 e5 2. Nf3 Nf6 3. Bc4 Nxe4 4. Qe2 d5 5. Bb3 Nc6 6. d3 Nc5 7. Nxe5 Nxe5 8.
Qxe5+ Be6 9. Nc3 f6 10. Qe2 Qd7 11. Bxd5 O-O-O 12. Bxe6 Nxe6 13. Be3 Bc5 14.
O-O-O Nd4 15. Bxd4 Qxd4 16. f3 Rhe8 17. Qd2 Qh4 18. h3 Be3 0-1

[Event "AUTO-INT-1638"]
[Site "http://www.queenalice.com/game.php?id=745061"]
[Date "2010.3.12"]
[Round "1"]
[White "Felipe_Carvalho"]
[Black "nico_spfc"]
[Result "1-0"]
[WhiteElo "1784"]
[BlackElo "1567"]

1. e4 e6 2. d4 d5 3. Nc3 Nf6 4. e5 Nfd7 5. f4 c5 6. Nf3 Qb6 7. Be2 Nc6 8. Be3
Qxb2 9. Na4 Qb4+ 10. c3 Qa5 11. O-O cxd4 12. cxd4 f6 13. Bd2 Bb4 14. Bxb4 Qxb4
15. Rb1 Qe7 16. Bd3 b6 17. Bb5 Bb7 18. Qc2 Rc8 19. Qf2 fxe5 20. fxe5 O-O 21.
Rbc1 Nb4 22. Qd2 Bc6 23. Bxc6 Rxc6 24. Rxc6 Nxc6 25. Nc3 Rc8 26. Ng5 Rf8 27.
Rxf8+ Nxf8 28. Nf3 Ng6 29. Qf2 Nf4 30. Kh1 Qa3 31. Nb5 Qc1+ 32. Ng1 Nd3 33. Qh4
Qf1 34. h3 1-0

[Event "Let's Play Chess!"]
[Site "http://www.queenalice.com/game.php?id=751978"]
[Date "2010.3.26"]
[Round "-"]
[White "Panzer85"]
[Black "nico_spfc"]
[Result "0-1"]
[WhiteElo "1622"]
[BlackElo "1587"]

1. e4 e6 2. d4 d5 3. Nc3 Nf6 4. Bg5 Be7 5. e5 Nfd7 6. Bxe7 Qxe7 7. Nb5 Nb6 8.
Nf3 a6 9. Nc3 Nc6 10. Bd3 Bd7 11. Qd2 Nb4 12. a3 Nxd3+ 13. Qxd3 Nc4 14. O-O-O b5
15. h4 a5 16. Nd2 b4 17. Nxc4 dxc4 18. Qxc4 bxc3 19. Qxc3 Ba4 20. Qc4 Qd7 21. d5
Qb5 22. Rd4 exd5 23. Qxb5+ Bxb5 24. Rxd5 c6 25. Rd6 O-O 26. f4 Rad8 27. b3 Rxd6
28. exd6 f6 29. a4 Be2 30. Re1 Bg4 31. Re4 Rd8 32. Re6 Bxe6 33. Kb2 Rxd6 34. c4
Rd2+ 35. Kc3 Rxg2 36. b4 axb4+ 37. Kxb4 Rc2 38. a5 Rxc4+ 39. Kb3 Rxf4+ 40. Kc3
Rxh4 41. a6 Ra4 0-1